[Event "C.to Provinciale BG"]
[Site "Bergamo ITA"]
[Date "2003.10.17"]
[Round "2"]
[White "Mora, Lorenzo"]
[Black "Longo, Pietro"]
[Result "1-0"]
[WhiteElo "1705"]
[BlackElo "1588"]
[PlyCount "97"]
[EventDate "2003.10.10"]

1. d4 d5 2. c4 e6 3. Nc3 Nf6 4. Nf3 Be7 5. Bf4 c6 6. e3 O-O 7. Bd3 Nbd7 8. O-O
dxc4 9. Bxc4 b5 10. Bd3 a6 11. e4 Bb7 12. Rc1 Rc8 13. Bb1 Nb6 14. Qd3 g6 15.
Rfd1 c5 16. Qc2 c4 17. a3 Re8 18. Bg5 Nfd7 19. h4 Bxg5 20. hxg5 f5 21. gxf6
Qxf6 22. e5 Qf5 23. Qe2 Bxf3 24. Qxf3 Qxf3 25. gxf3 Nd5 26. Ne4 Rf8 27. Nd6
Rcd8 28. Be4 Nf4 29. Kf1 h5 30. Ke1 h4 31. Nb7 Rb8 32. Kd2 Kg7 33. Rg1 h3 34.
Rg4 Rxb7 35. Bxb7 h2 36. Rh1 Nd3 37. Rxh2 Rd8 38. Rgh4 N3xe5 39. Rh7+ Kf6 40.
dxe5+ Nxe5+ 41. Kc1 a5 42. Be4 b4 43. axb4 axb4 44. Rg2 Nd3+ 45. Bxd3 Rxd3 46.
Rh6 Rxf3 47. Rgxg6+ Kf7 48. Rxe6 Rxf2 49. Rc6 1-0

[Event "C.to Provinciale BG"]
[Site "Bergamo ITA"]
[Date "2003.10.17"]
[Round "2"]
[White "Scarpellini, Felice"]
[Black "Mora, Paolo"]
[Result "0-1"]
[WhiteElo "1648"]
[BlackElo "2014"]
[PlyCount "156"]
[EventDate "2003.10.10"]

1. c4 e5 2. Nc3 Nc6 3. g3 g6 4. Bg2 Bg7 5. e4 d6 6. Nge2 Be6 7. d3 Qd7 8. Nd5
Nce7 9. O-O c6 10. Nxe7 Nxe7 11. f4 O-O 12. Nc3 d5 13. fxe5 Bxe5 14. cxd5 Bd4+
15. Kh1 cxd5 16. Bh6 Rfe8 17. Qd2 Bh3 18. Qf4 Bxg2+ 19. Kxg2 f5 20. Bg5 dxe4
21. dxe4 Qc6 22. Bxe7 Rxe7 23. Nd5 Qc2+ 24. Kh3 Rxe4 25. Qg5 Re2 26. Rh1 Qe4
27. Nf4 Be3 28. Raf1 Rxb2 29. Qf6 Rb6 30. Qc3 Bxf4 31. gxf4 Qc6 32. Qd4 Qd6 33.
Qc4+ Qe6 34. Qxe6+ Rxe6 35. Rf2 Re3+ 36. Kg2 Rae8 37. Rb1 b6 38. Rc1 R8e7 39.
Rc6 Kf7 40. h4 R3e6 41. Rc4 Re4 42. Rc6 b5 43. h5 R4e6 44. Rxe6 Rxe6 45. h6 g5
46. fxg5 Kg6 47. Rd2 Kxg5 48. Rd7 Re2+ 49. Kf3 Rxa2 50. Rxh7 Ra3+ 51. Ke2 a6
52. Rf7 Kxh6 53. Rxf5 Kg6 54. Rc5 Kf6 55. Kd2 Ke6 56. Kc2 b4 57. Kb2 a5 58. Rb5
Kd6 59. Rf5 Kc6 60. Rh5 Kb6 61. Rg5 Rc3 62. Rh5 Rc5 63. Rh1 Kb5 64. Rh8 Ka4 65.
Rh1 Rf5 66. Ra1+ Kb5 67. Rh1 Rf2+ 68. Ka1 Ka4 69. Kb1 b3 70. Rh4+ Ka3 71. Rh1
a4 72. Re1 Rc2 73. Re4 Rf2 74. Re1 Rf5 75. Rd1 Kb4 76. Kc1 a3 77. Kb1 a2+ 78.
Ka1 Ka3 0-1

[Event "C.to Provinciale BG"]
[Site "Bergamo ITA"]
[Date "2003.10.17"]
[Round "2"]
[White "Testa, Luigi"]
[Black "Omacini, Mario"]
[Result "0-1"]
[WhiteElo "1512"]
[BlackElo "1374"]
[PlyCount "78"]
[EventDate "2003.10.10"]

1. e4 c6 2. Nf3 d5 3. exd5 cxd5 4. d4 Nf6 5. c3 Bd7 6. Be2 e6 7. Bg5 Be7 8. Ne5
h6 9. Bf4 O-O 10. Nd2 Nc6 11. Nxd7 Qxd7 12. O-O Rac8 13. Nf3 Bd6 14. Be5 Ne4
15. Bxd6 Qxd6 16. Bd3 f5 17. Re1 Ne7 18. Ne5 Rf6 19. Qb3 Qc7 20. Rac1 Ng6 21.
Nxg6 Rxg6 22. Bxe4 fxe4 23. Re3 b6 24. Qd1 Qf4 25. Qe2 Qg5 26. g3 Rf8 27. Rf1
Rgf6 28. b3 h5 29. c4 h4 30. cxd5 exd5 31. Kg2 Rf3 32. a4 Rxe3 33. Qxe3 h3+ 34.
Kg1 Qg4 35. Rc1 Rf3 36. Qe2 Rxg3+ 37. hxg3 Qxe2 38. Rc8+ Kh7 39. Rc7 Qf3 0-1

[Event "C.to Provinciale BG"]
[Site "Bergamo ITA"]
[Date "2003.10.17"]
[Round "2"]
[White "Villa, Claudio"]
[Black "Romano, Zeno"]
[Result "1-0"]
[WhiteElo "1728"]
[BlackElo "1506"]
[PlyCount "75"]
[EventDate "2003.10.10"]

1. b3 e5 2. Bb2 Bc5 3. Bxe5 Nf6 4. Nf3 Nc6 5. Bb2 d5 6. d4 Bd6 7. e3 Bf5 8. a3
O-O 9. c4 Re8 10. c5 Bf8 11. Bb5 Bd7 12. O-O a6 13. Bd3 b6 14. b4 b5 15. Qc2
Ne7 16. Ne5 c6 17. Nxd7 Qxd7 18. Nd2 Ng6 19. Rae1 Qg4 20. Bf5 Qh5 21. h3 Ne4
22. Bg4 Qg5 23. Nf3 Qd8 24. Ne5 Nxe5 25. dxe5 Ng5 26. f4 Ne4 27. Kh2 a5 28. Bf5
axb4 29. axb4 Ra4 30. Bxe4 dxe4 31. Rd1 Qc7 32. Rd4 f5 33. exf6 gxf6 34. Rxe4
Rxe4 35. Qxe4 Bxc5 36. Qe6+ Kf8 37. Qxf6+ Ke8 38. bxc5 1-0

[Event "C.to Provinciale BG"]
[Site "Bergamo ITA"]
[Date "2003.10.24"]
[Round "3"]
[White "Asperti, Fabio"]
[Black "Canova, Luca"]
[Result "0-1"]
[WhiteElo "1606"]
[BlackElo "1821"]
[PlyCount "64"]
[EventDate "2003.10.10"]

1. c4 d6 2. Nc3 e5 3. g3 g6 4. Bg2 Bg7 5. e4 c5 6. Nge2 Be6 7. d3 Qd7 8. Be3
Ne7 9. Qd2 Nbc6 10. Bh6 Bxh6 11. Qxh6 f5 12. Nd5 Bxd5 13. cxd5 Nb4 14. Qd2 Qb5
15. Nc1 c4 16. a4 Qa5 17. dxc4 Nc2+ 18. Ke2 Qxd2+ 19. Kxd2 Nxa1 20. Kc3 fxe4
21. Bxe4 Nf5 22. Bxf5 gxf5 23. Ne2 h5 24. h4 Rg8 25. Rxa1 O-O-O 26. Kd2 Rg4 27.
b3 Kd7 28. Rc1 Rdg8 29. Rc3 f4 30. Rf3 fxg3 31. Rf7+ Kd8 32. Rxb7 gxf2 0-1

[Event "C.to Provinciale BG"]
[Site "Bergamo ITA"]
[Date "2003.10.24"]
[Round "3"]
[White "Begni, Carlo"]
[Black "Citerio, Fabio"]
[Result "1/2-1/2"]
[WhiteElo "1461"]
[BlackElo "1599"]
[PlyCount "40"]
[EventDate "2003.10.10"]

1. e4 d5 2. exd5 c6 3. dxc6 Nxc6 4. Nf3 Nf6 5. Nc3 e5 6. Qe2 Bg4 7. h3 Bxf3 8.
gxf3 Qc7 9. d3 Nd4 10. Qd1 Bb4 11. Bd2 O-O 12. a3 Bxc3 13. bxc3 Ne6 14. Rg1
Rae8 15. Qb1 Nd5 16. Qb3 g6 17. Rb1 Nef4 18. Kd1 f5 19. c4 Nf6 20. Bg2 Ne6
1/2-1/2

[Event "C.to Provinciale BG"]
[Site "Bergamo ITA"]
[Date "2003.10.24"]
[Round "3"]
[White "Di Mauro, Valerio"]
[Black "Cattaneo, Dario"]
[Result "1-0"]
[WhiteElo "1494"]
[BlackElo "1393"]
[PlyCount "65"]
[EventDate "2003.10.10"]

1. e4 e6 2. d4 d5 3. e5 c5 4. c3 cxd4 5. cxd4 Bb4+ 6. Nc3 Ne7 7. Bd3 Ng6 8. Nf3
b6 9. Qa4+ Nc6 10. Bb5 Bxc3+ 11. bxc3 Nge7 12. Bxc6+ Nxc6 13. Qxc6+ Bd7 14. Qd6
Rc8 15. Bg5 f6 16. exf6 gxf6 17. Bd2 Rc6 18. Qg3 Kf7 19. O-O Rg8 20. Qf4 Ke7
21. Qh6 e5 22. dxe5 Kf7 23. Qxh7+ Rg7 24. Qh5+ Rg6 25. Nd4 Rc4 26. e6+ Bxe6 27.
Nxe6 Qd7 28. Rfe1 Rcg4 29. Qh7+ Rg7 30. Nxg7 Rxg7 31. Qh5+ Kg8 32. Re3 Kf8 33.
Rae1 1-0

[Event "C.to Provinciale BG"]
[Site "Bergamo ITA"]
[Date "2003.10.24"]
[Round "3"]
[White "Fiorona, Gianpietro"]
[Black "Cambieri, Mario"]
[Result "0-1"]
[WhiteElo "1621"]
[BlackElo "1774"]
[PlyCount "94"]
[EventDate "2003.10.10"]

1. d4 Nf6 2. Nc3 e6 3. e4 Bb4 4. Bg5 h6 5. Bxf6 Qxf6 6. Nf3 Nc6 7. a3 Ba5 8. e5
Qe7 9. Bd3 O-O 10. O-O d5 11. Ne2 a6 12. c3 b5 13. b4 Bb6 14. a4 bxa4 15. Rxa4
Bb7 16. Qb3 a5 17. b5 Na7 18. Rb1 c5 19. dxc5 Qxc5 20. Nfd4 Rfb8 21. Qd1 Nc8
22. Bc2 Bc7 23. Qd3 Bxe5 24. Qh7+ Kf8 25. Nf3 Bf6 26. Rf4 Ke7 27. Qd3 Nd6 28.
Nd2 e5 29. Rxf6 gxf6 30. Nb3 Qc4 31. Qe3 Ne4 32. Bxe4 Qxe4 33. Qc5+ Ke8 34. Re1
Qc4 35. Qe3 Qxb5 36. Nbd4 Qb6 37. Nf5 Qc7 38. Ned4 Qd7 39. Nd6+ Kd8 40. N4f5
Bc6 41. Qd2 Kc7 42. Qxh6 Qe6 43. Qe3 Rd8 44. c4 Rxd6 45. Nxd6 Qxd6 46. cxd5
Qxd5 47. Qh3 Rg8 0-1

[Event "C.to Provinciale BG"]
[Site "Bergamo ITA"]
[Date "2003.10.24"]
[Round "3"]
[White "Gozzini, Giambattista"]
[Black "Elitropi, Giorgio"]
[Result "0-1"]
[WhiteElo "1600"]
[BlackElo "1716"]
[PlyCount "108"]
[EventDate "2003.10.10"]

1. e4 e6 2. d3 d5 3. Nd2 Nf6 4. Ngf3 Nc6 5. g3 Bc5 6. Bg2 dxe4 7. dxe4 e5 8.
O-O O-O 9. h3 b6 10. a3 a5 11. b3 Qe7 12. Bb2 Ba6 13. Re1 Rad8 14. c4 Bb7 15.
Qc2 Nh5 16. Nf1 f6 17. Ne3 Qf7 18. Kh2 Bxe3 19. Rxe3 g6 20. Rd1 Ng7 21. Red3
Qe7 22. Rxd8 Rxd8 23. Rxd8+ Nxd8 24. Ne1 Qd6 25. Qd3 Ne8 26. Bf1 Ne6 27. Qxd6
Nxd6 28. f3 Ba6 29. Nc2 Nc5 30. b4 Na4 31. Bc1 Bxc4 32. Bxc4+ Nxc4 33. bxa5
bxa5 34. Ne3 Nxe3 35. Bxe3 Nb2 36. Kg2 Kf7 37. Kf2 Nd1+ 38. Ke2 Nxe3 39. Kxe3
Ke6 40. Kd3 Kd6 41. Kc4 Kc6 42. a4 f5 43. exf5 gxf5 44. g4 fxg4 45. fxg4 Kd6
46. h4 c6 47. g5 Ke6 48. h5 Kf5 49. g6 Kf6 50. gxh7 Kg7 51. Kd3 c5 52. Kc4 e4
53. Kc3 Kxh7 54. Kd2 c4 0-1

[Event "C.to Provinciale BG"]
[Site "Bergamo ITA"]
[Date "2003.10.24"]
[Round "3"]
[White "Gualdi, Paolo"]
[Black "Testa, Luigi"]
[Result "1/2-1/2"]
[WhiteElo "1413"]
[BlackElo "1512"]
[PlyCount "84"]
[EventDate "2003.10.10"]

1. e4 e5 2. Nf3 Nf6 3. d4 Nxe4 4. Bd3 d5 5. Nxe5 Qh4 6. O-O Bd6 7. Nf3 Qh5 8.
Re1 f5 9. Nc3 O-O 10. Bxe4 dxe4 11. Ne5 Qxd1 12. Rxd1 Nd7 13. Nc4 Nb6 14. Nxd6
cxd6 15. Nb5 d5 16. Bf4 Bd7 17. Nc3 Bc6 18. b3 Rac8 19. Ne2 h6 20. Be5 Nd7 21.
Nf4 Nxe5 22. dxe5 Rfd8 23. Rd4 g5 24. Ne2 Re8 25. Rad1 Rxe5 26. Nc3 Rd8 27. a4
f4 28. Rxe4 Rde8 29. Rxe5 Rxe5 30. Kf1 Kg7 31. b4 b6 32. b5 Bb7 33. Ne2 Kf6 34.
Nd4 h5 35. Re1 Re4 36. c3 g4 37. f3 gxf3 38. gxf3 Re5 39. h4 a6 40. Rxe5 Kxe5
41. Ke2 a5 42. Kd3 Ba8 1/2-1/2

[Event "C.to Provinciale BG"]
[Site "Bergamo ITA"]
[Date "2003.10.24"]
[Round "3"]
[White "Impellizzeri, Francesco"]
[Black "Del Monte, Jorge Luis"]
[Result "0-1"]
[WhiteElo "1570"]
[BlackElo "2046"]
[PlyCount "51"]
[EventDate "2003.10.10"]

1. d4 Nf6 2. c4 c5 3. d5 b5 4. Nf3 g6 5. g3 bxc4 6. Nc3 Bg7 7. e4 d6 8. Bxc4
O-O 9. h3 Nbd7 10. Be3 Rb8 11. Qd2 Qa5 12. Rc1 Qb4 13. b3 Nb6 14. Be2 Nxe4 15.
Nxe4 Qxe4 16. Rd1 e6 17. dxe6 Bxe6 18. Qxd6 Nd5 19. Rxd5 Qxd5 20. Qxd5 Bxd5 21.
O-O Rbc8 22. Rc1 Rfe8 23. Kf1 Bd4 24. Nxd4 cxd4 25. Rxc8 Rxc8 26. Bxd4 0-1

[Event "C.to Provinciale BG"]
[Site "Bergamo ITA"]
[Date "2003.10.24"]
[Round "3"]
[White "Longo, Pietro"]
[Black "Villa, Claudio"]
[Result "1/2-1/2"]
[WhiteElo "1588"]
[BlackElo "1728"]
[PlyCount "107"]
[EventDate "2003.10.10"]

1. e4 e5 2. Nf3 d6 3. d4 Nd7 4. Bc4 Be7 5. Nc3 c6 6. dxe5 dxe5 7. Ng5 Bxg5 8.
Qh5 g6 9. Qxg5 Qxg5 10. Bxg5 b5 11. Bb3 Nc5 12. f3 Nxb3 13. cxb3 f6 14. Bh4 Kf7
15. O-O-O Ne7 16. Rd6 Be6 17. Rhd1 Rac8 18. b4 Rc7 19. Kb1 Nc8 20. R6d2 g5 21.
Bg3 h5 22. Rd8 Rxd8 23. Rxd8 Bc4 24. Rd1 Ne7 25. b3 Be6 26. Bf2 g4 27. Kb2 Ng6
28. fxg4 hxg4 29. g3 a6 30. Rd8 Rd7 31. Rxd7+ Bxd7 32. a4 Nf8 33. Nd1 Nh7 34.
Be3 f5 35. exf5 Bxf5 36. Kc3 Nf6 37. axb5 axb5 38. Kb2 Nd5 39. Bc5 Ke6 40. Ne3
Nxe3 41. Bxe3 Kd5 42. Kc3 Ke4 43. Bc5 Kf3 44. Bd6 e4 45. Kd2 e3+ 46. Ke1 Bd3
47. Bf4 Bc2 48. Bd6 Bxb3 49. Bc5 e2 50. Bd6 Bc4 51. Bc5 Kg2 52. Bd6 Kxh2 53.
Kf2 Bd3 54. Be5 1/2-1/2

[Event "C.to Provinciale BG"]
[Site "Bergamo ITA"]
[Date "2003.10.24"]
[Round "3"]
[White "Mazzotti, Federico"]
[Black "Scarpellini, Felice"]
[Result "0-1"]
[WhiteElo "1635"]
[BlackElo "1648"]
[PlyCount "58"]
[EventDate "2003.10.10"]

1. e4 d6 2. d4 g6 3. Nc3 Bg7 4. Be3 c6 5. Qd2 Nf6 6. Bh6 O-O 7. Bxg7 Kxg7 8. f3
e5 9. O-O-O Nbd7 10. h4 h5 11. dxe5 dxe5 12. Nh3 b5 13. g4 b4 14. Na4 Qa5 15.
b3 Nc5 16. gxh5 Nxh5 17. Nxc5 Qxc5 18. Rg1 Bxh3 19. Bxh3 Nf4 20. Qh2 Qc3 21.
Kb1 a5 22. Bg4 a4 23. Qd2 axb3 24. Qxc3 bxa2+ 25. Ka1 bxc3 26. Bd7 Ra6 27. Rd6
Ne2 28. Rg2 Nd4 29. h5 Rh8 0-1

[Event "C.to Provinciale BG"]
[Site "Bergamo ITA"]
[Date "2003.10.24"]
[Round "3"]
[White "Mora, Paolo"]
[Black "Mora, Lorenzo"]
[Result "1-0"]
[WhiteElo "2014"]
[BlackElo "1705"]
[PlyCount "65"]
[EventDate "2003.10.10"]

1. e4 e5 2. Nf3 Nc6 3. Bc4 Bc5 4. c3 Nf6 5. d3 O-O 6. O-O d6 7. h3 a6 8. Bb3 d5
9. exd5 Nxd5 10. Nxe5 Bxf2+ 11. Rxf2 Nxe5 12. d4 Ng6 13. Qf3 c6 14. Nd2 Be6 15.
Ne4 b6 16. Bd2 h6 17. Raf1 Kh7 18. Bc2 f5 19. Ng5+ hxg5 20. Qh5+ Kg8 21. Qxg6
Qf6 22. Bxf5 Qxg6 23. Bxg6 Nf4 24. Bxf4 gxf4 25. b3 Rf6 26. Be4 Raf8 27. Bxc6
Bxb3 28. axb3 Rxc6 29. c4 g5 30. h4 Rd6 31. d5 gxh4 32. Rxf4 Rxf4 33. Rxf4 1-0

[Event "C.to Provinciale BG"]
[Site "Bergamo ITA"]
[Date "2003.10.24"]
[Round "3"]
[White "Omacini, Mario"]
[Black "Bassis, Ivano"]
[Result "0-1"]
[WhiteElo "1374"]
[BlackElo "1747"]
[PlyCount "53"]
[EventDate "2003.10.10"]

1. c4 Nf6 2. Nc3 e5 3. e4 Bc5 4. Nf3 Ng4 5. d4 exd4 6. Nxd4 Nxf2 7. Kxf2 Qf6+
8. Ke3 Nc6 9. Nce2 Ne5 10. Nf4 Ng4+ 11. Kf3 Bxd4 12. Kxg4 d6+ 13. Kf3 g5 14. g3
gxf4 15. Bxf4 Rg8 16. Qd2 Bxb2 17. Rb1 Bd4 18. Rb4 Bc3 19. Qc2 Bxb4 20. Qa4+
Bd7 21. Qxb4 O-O-O 22. Bd3 Qd4 23. Qa3 f5 24. Be3 fxe4+ 25. Ke2 Qxd3+ 26. Qxd3
exd3+ 27. Kxd3 0-1

[Event "C.to Provinciale BG"]
[Site "Bergamo ITA"]
[Date "2003.10.24"]
[Round "3"]
[White "Riggio, Mauro"]
[Black "Mansueti, Marco"]
[Result "1-0"]
[WhiteElo "1714"]
[BlackElo "1633"]
[PlyCount "61"]
[EventDate "2003.10.10"]

1. e4 e6 2. d4 c5 3. Nf3 cxd4 4. Nxd4 Nc6 5. c4 Bb4+ 6. Nc3 Bxc3+ 7. bxc3 Nge7
8. Nb5 O-O 9. Nd6 Qa5 10. Qd2 f5 11. Rb1 Qc7 12. Be2 fxe4 13. Ba3 a6 14. O-O
Rd8 15. Bc5 Nf5 16. Nxf5 exf5 17. Bb6 Qe5 18. Qd5+ Qe6 19. Qxe6+ dxe6 20. Bxd8
Nxd8 21. Rfd1 Nc6 22. f3 e3 23. f4 Kf7 24. Bf3 Ke7 25. Kf1 Na5 26. Ke2 Nxc4 27.
Bxb7 Bxb7 28. Rxb7+ Kf6 29. Rdd7 g5 30. Rf7+ Kg6 31. Rg7+ 1-0

[Event "C.to Provinciale BG"]
[Site "Bergamo ITA"]
[Date "2003.10.24"]
[Round "3"]
[White "Riva, Carlo"]
[Black "Gerali, Paolo"]
[Result "0-1"]
[WhiteElo "1519"]
[BlackElo "1500"]
[PlyCount "78"]
[EventDate "2003.10.10"]

1. e4 c5 2. Nf3 Nc6 3. d4 cxd4 4. Nxd4 Nf6 5. Nxc6 bxc6 6. Bd3 e5 7. O-O d5 8.
exd5 cxd5 9. Nc3 d4 10. Ne4 Be7 11. Nxf6+ Bxf6 12. Be4 Rb8 13. Rb1 O-O 14. Qh5
g6 15. Qe2 Be6 16. b3 Bg7 17. Ba3 Re8 18. Bc6 Bd7 19. Bxd7 Qxd7 20. Rfd1 Qc6
21. Qc4 Rbc8 22. Qxc6 Rxc6 23. c4 dxc3 24. Rbc1 c2 25. Rd2 Rec8 26. f4 Bh6 27.
Re2 Bxf4 28. g3 Bxc1 29. Bxc1 Rd8 30. Kg2 Rd1 31. Bh6 c1=Q 32. Bxc1 Rdxc1 33.
Rxe5 R1c2+ 34. Kh3 Rxa2 35. Rb5 h5 36. Rb8+ Kg7 37. b4 g5 38. b5 Rcc2 39. g4
Rc3# 0-1

[Event "C.to Provinciale BG"]
[Site "Bergamo ITA"]
[Date "2003.10.24"]
[Round "3"]
[White "Romano, Zeno"]
[Black "Elsido, Massimo"]
[Result "1/2-1/2"]
[WhiteElo "1506"]
[BlackElo "1588"]
[PlyCount "81"]
[EventDate "2003.10.10"]

1. e4 e5 2. Nf3 Nc6 3. Bc4 Bc5 4. c3 d6 5. d4 exd4 6. cxd4 Bb4+ 7. Bd2 Nf6 8.
Bxb4 Nxb4 9. Nc3 O-O 10. O-O d5 11. Nxd5 Nbxd5 12. exd5 Nxd5 13. Qb3 Nb6 14.
Rfe1 Nxc4 15. Qxc4 Be6 16. Qc5 b6 17. Qb5 a6 18. Qe5 Bd5 19. Nd2 Re8 20. Qxe8+
Qxe8 21. Rxe8+ Rxe8 22. Kf1 Kf8 23. f3 Ke7 24. Re1+ Kd7 25. Rxe8 Kxe8 26. b3
Kd7 27. Ke2 Kd6 28. Ne4+ Bxe4 29. fxe4 c5 30. Kd3 cxd4 31. Kxd4 f6 32. a3 g6
33. h3 h6 34. g3 h5 35. b4 g5 36. g4 hxg4 37. hxg4 b5 38. Kd3 Ke5 39. Ke3 Ke6
40. Kd4 Kd6 41. Kd3 1/2-1/2

[Event "C.to Provinciale BG"]
[Site "Bergamo ITA"]
[Date "2003.10.24"]
[Round "3"]
[White "Salvi, Gianpietro"]
[Black "Bertoletti, Vincenzo"]
[Result "1-0"]
[WhiteElo "1600"]
[BlackElo "1338"]
[PlyCount "123"]
[EventDate "2003.10.10"]

1. e4 d6 2. d4 Nf6 3. Nc3 g6 4. f4 Bg7 5. Nf3 O-O 6. Bd3 Nbd7 7. O-O c5 8. e5
dxe5 9. dxe5 Ne8 10. Qe2 Nb6 11. Be3 Nd5 12. Nxd5 Qxd5 13. Bc4 Qc6 14. Bb5 Qc7
15. Rad1 a6 16. Bc4 e6 17. a3 b6 18. Rd2 f6 19. Bf2 Qe7 20. Rfd1 Nc7 21. a4 b5
22. axb5 axb5 23. Bxb5 Nxb5 24. Qxb5 Ba6 25. Qxc5 Qxc5 26. Bxc5 Rfc8 27. exf6
Bxf6 28. Bd4 Bxd4+ 29. Nxd4 Kf7 30. Kf2 Ra7 31. Nf3 h6 32. Ne5+ Kf6 33. g4 Rac7
34. c3 Bb7 35. Rd7 Bd5 36. Rd4 g5 37. Ke3 gxf4+ 38. Kxf4 Rxd7 39. Nxd7+ Ke7 40.
Nb6 Rf8+ 41. Ke5 Bc6 42. Rd6 Bd5 43. Nxd5+ exd5 44. Re6+ Kd7 45. Kxd5 h5 46.
gxh5 Rf5+ 47. Re5 Rf2 48. b4 Rxh2 49. Rg5 Rh4 50. b5 Kc7 51. c4 Kb6 52. Rg6+
Ka5 53. h6 Rh5+ 54. Kc6 Kb4 55. Kb7 Kxc4 56. Kc6 Rf5 57. b6 Rc5+ 58. Kb7 Re5
59. Rg7 Kb5 60. h7 Re8 61. Ka7 Kc6 62. b7 1-0

[Event "C.to Provinciale BG"]
[Site "Bergamo ITA"]
[Date "2003.10.24"]
[Round "3"]
[White "Stefanelli, Alfredo"]
[Black "Biava, Pierluigi"]
[Result "1-0"]
[WhiteElo "1663"]
[BlackElo "1579"]
[PlyCount "57"]
[EventDate "2003.10.10"]

1. d4 Nf6 2. Nf3 e6 3. Bf4 d5 4. e3 c5 5. c3 Qb6 6. Qc2 Nc6 7. Be2 Bd7 8. O-O
Rc8 9. Nbd2 Be7 10. Rac1 Nh5 11. dxc5 Bxc5 12. Bg5 h6 13. Bh4 g5 14. Bg3 Nxg3
15. hxg3 Ke7 16. e4 d4 17. Nc4 Qc7 18. b4 Bd6 19. cxd4 Bxb4 20. Qb2 a5 21. a3
b5 22. Ne3 Bxa3 23. Qxa3+ b4 24. Qb2 Qa7 25. d5 Nb8 26. Nc4 Rhg8 27. d6+ Ke8
28. Qf6 Bb5 29. Nce5 1-0

[Event "C.to Provinciale BG"]
[Site "Bergamo ITA"]
[Date "2003.10.31"]
[Round "4"]
[White "Bassis, Ivano"]
[Black "Di Mauro, Valerio"]
[Result "1-0"]
[WhiteElo "1747"]
[BlackElo "1494"]
[PlyCount "41"]
[EventDate "2003.10.10"]

1. e4 e5 2. Nf3 Nf6 3. d4 Nxe4 4. Bd3 d5 5. Nxe5 Bd6 6. O-O Nd7 7. Re1 Ndf6 8.
f3 Bf5 9. fxe4 dxe4 10. Nc3 Bxe5 11. dxe5 Qd4+ 12. Be3 Qxe5 13. Bb5+ c6 14. Bd4
Qf4 15. Bxf6 gxf6 16. Bc4 Rg8 17. Qe2 O-O-O 18. Nxe4 Rde8 19. Rf1 Qxe4 20. Qxe4
Rxe4 21. Bd3 1-0

[Event "C.to Provinciale BG"]
[Site "Bergamo ITA"]
[Date "2003.10.31"]
[Round "4"]
[White "Bertoletti, Vincenzo"]
[Black "Romano, Zeno"]
[Result "1-0"]
[WhiteElo "1338"]
[BlackElo "1506"]
[PlyCount "61"]
[EventDate "2003.10.10"]

1. d4 d5 2. Nf3 Nf6 3. c4 e6 4. g3 c5 5. Bg2 Nc6 6. O-O Be7 7. cxd5 exd5 8.
dxc5 Bxc5 9. Bg5 O-O 10. Bxf6 Qxf6 11. Nc3 d4 12. Na4 Be7 13. Qc2 Bf5 14. Qc1
Rac8 15. Qd2 b5 16. Nh4 Bg6 17. Rac1 bxa4 18. Bxc6 Rxc6 19. Rxc6 Qxc6 20. Nxg6
hxg6 21. Qxd4 Bc5 22. Qc3 Qb6 23. e3 Rd8 24. Rc1 Bb4 25. Qc2 Rd2 26. Qxa4 Rxb2
27. Rc8+ Bf8 28. Qe8 Rb1+ 29. Kg2 Qb7+ 30. Kh3 Qe7 31. Qxe7 1-0

[Event "C.to Provinciale BG"]
[Site "Bergamo ITA"]
[Date "2003.10.31"]
[Round "4"]
[White "Biava, Pierluigi"]
[Black "Villa, Claudio"]
[Result "0-1"]
[WhiteElo "1579"]
[BlackElo "1728"]
[PlyCount "90"]
[EventDate "2003.10.10"]

1. e4 e5 2. Nf3 d6 3. d4 Nd7 4. Bc4 c6 5. O-O Be7 6. a3 Ngf6 7. Qe2 Qc7 8. Rd1
h6 9. Nbd2 Nf8 10. Nf1 Be6 11. Ng3 O-O-O 12. d5 cxd5 13. exd5 Bd7 14. b4 Kb8
15. Bb3 g5 16. c4 Ng6 17. Nd2 Nf4 18. Qe1 Bg4 19. f3 Bd7 20. Nde4 Nxe4 21. Nxe4
f5 22. Bxf4 fxe4 23. Bg3 exf3 24. c5 h5 25. Bxe5 dxe5 26. d6 Bxd6 27. Rxd6 Bc6
28. Qxe5 Rde8 29. Be6 Rhf8 30. gxf3 Rxf3 31. Qxg5 Ref8 32. Rad1 a6 33. Qxh5
Rxa3 34. Qh6 Qe7 35. h4 Rg3+ 36. Kh2 Rg2+ 37. Kh3 Rf3+ 38. Kxg2 Rf6+ 39. Bd5
Rxh6 40. Bxc6 Rxd6 41. Rxd6 bxc6 42. h5 Qg5+ 43. Kf2 Qxh5 44. Rxc6 Kb7 45. Rb6+
Ka7 0-1

[Event "C.to Provinciale BG"]
[Site "Bergamo ITA"]
[Date "2003.10.31"]
[Round "4"]
[White "Canova, Luca"]
[Black "Stefanelli, Alfredo"]
[Result "1/2-1/2"]
[WhiteElo "1821"]
[BlackElo "1663"]
[PlyCount "99"]
[EventDate "2003.10.10"]

1. e4 c5 2. Nf3 Nc6 3. d4 cxd4 4. Nxd4 Nf6 5. Nc3 a6 6. Be3 e6 7. Be2 d6 8. Qd2
Be7 9. a4 O-O 10. O-O e5 11. Nb3 Be6 12. Rad1 Rc8 13. f3 h6 14. Nd5 Bxd5 15.
exd5 Nb8 16. c4 Re8 17. f4 exf4 18. Rxf4 Nbd7 19. Bd4 Nh7 20. Rdf1 Bg5 21. Rxf7
Ndf6 22. Bxf6 Nxf6 23. Qd3 Kxf7 24. Bg4 Re3 25. Qh7 Qf8 26. Nd4 Rxc4 27. Rxf6+
Bxf6 28. Bh5+ Ke7 29. Nf5+ Kd8 30. Nxe3 Rc1+ 31. Kf2 Bd4+ 32. Bf3 Bxe3+ 33.
Kxe3 Qe7+ 34. Kd3 Re1 35. Be4 Qg5 36. Qg8+ Kc7 37. Qf7+ Kb8 38. Qf8+ Kc7 39.
Qf7+ Kc8 40. Qf8+ Kd7 41. Qf2 Rd1+ 42. Kc2 Rc1+ 43. Kb3 Qe5 44. Bf5+ Kc7 45.
Be6 Re1 46. Qf7+ Kb6 47. a5+ Ka7 48. Qc7 Re2 49. Qb6+ Ka8 50. Qd8+ 1/2-1/2

[Event "C.to Provinciale BG"]
[Site "Bergamo ITA"]
[Date "2003.10.31"]
[Round "4"]
[White "Cattaneo, Dario"]
[Black "Gualdi, Paolo"]
[Result "1-0"]
[WhiteElo "1393"]
[BlackElo "1413"]
[PlyCount "83"]
[EventDate "2003.10.10"]

1. d4 e6 2. Nf3 f5 3. Bf4 Nf6 4. e3 Be7 5. Be2 O-O 6. O-O Ne4 7. c4 g5 8. Bg3
f4 9. Nxg5 Bxg5 10. Bxf4 Bxf4 11. exf4 Rxf4 12. d5 Qf6 13. Nc3 Nxf2 14. Qe1
Nh3+ 15. gxh3 e5 16. Qg3+ Qg6 17. Qxg6+ hxg6 18. Rxf4 exf4 19. Rf1 d6 20. Bg4
Bxg4 21. hxg4 g5 22. Ne4 Na6 23. Nxg5 Rf8 24. Rf3 c6 25. Ne6 Rf7 26. a3 cxd5
27. cxd5 Nb8 28. Rxf4 Nd7 29. Rxf7 Kxf7 30. Nd8+ Kf6 31. Ne6 Ke5 32. Nc7 Nf6
33. g5 Ne4 34. h4 Kf5 35. Kg2 Kg4 36. g6 Nf6 37. g7 Kxh4 38. Ne8 Ng8 39. Nxd6
Kg5 40. Nxb7 Kg6 41. d6 Kf7 42. d7 1-0

[Event "C.to Provinciale BG"]
[Site "Bergamo ITA"]
[Date "2003.10.31"]
[Round "4"]
[White "Citerio, Fabio"]
[Black "Gerali, Paolo"]
[Result "1-0"]
[WhiteElo "1599"]
[BlackElo "1500"]
[PlyCount "75"]
[EventDate "2003.10.10"]

1. d4 Nf6 2. Nc3 e6 3. e4 Bb4 4. Bd3 c5 5. dxc5 Bxc5 6. Nf3 Nc6 7. e5 Ng4 8.
Ne4 Qb6 9. O-O Ngxe5 10. Bf4 Nxd3 11. Qxd3 d5 12. Nxc5 Qxc5 13. Rfe1 f6 14. c3
O-O 15. b3 e5 16. Be3 Qd6 17. Qb5 b6 18. Rad1 Be6 19. h3 Rac8 20. Bc1 Rf7 21.
Bb2 Qc5 22. Qe2 b5 23. Nd4 Nxd4 24. cxd4 Qc2 25. Rd2 Qg6 26. dxe5 fxe5 27. Bxe5
Bxh3 28. Bg3 Bd7 29. Rxd5 Bc6 30. Rd6 Qf5 31. Rxc6 Rxc6 32. Qe8+ Rf8 33. Qxc6
Qg4 34. Qxb5 h6 35. Qd5+ Kh7 36. Qe4+ Qxe4 37. Rxe4 Rf7 38. Ra4 1-0

[Event "C.to Provinciale BG"]
[Site "Bergamo ITA"]
[Date "2003.10.31"]
[Round "4"]
[White "Del Monte, Jorge Luis"]
[Black "Mora, Paolo"]
[Result "1/2-1/2"]
[WhiteElo "2046"]
[BlackElo "2014"]
[PlyCount "114"]
[EventDate "2003.10.10"]

1. Nf3 Nf6 2. c4 c5 3. Nc3 Nc6 4. g3 g6 5. Bg2 Bg7 6. O-O O-O 7. d3 d6 8. Rb1
Bd7 9. Bd2 Qc8 10. Re1 Bh3 11. Bh1 h6 12. a3 Rb8 13. b4 b6 14. Qc1 Kh7 15. Nd1
Ng4 16. Bc3 e5 17. e4 Nd4 18. Nxd4 cxd4 19. Bd2 f5 20. f3 fxe4 21. fxg4 e3 22.
Nxe3 dxe3 23. Bxe3 Bxg4 24. Qd2 Be6 25. Be4 Qd7 26. Rbc1 d5 27. cxd5 Bxd5 28.
Qg2 Rbd8 29. Rc3 Rf7 30. Rec1 Bxe4 31. Qxe4 Qd5 32. Bf2 Qxe4 33. dxe4 h5 34.
R1c2 Bh6 35. Rc7 Rdd7 36. Rxd7 Rxd7 37. Kf1 Kg7 38. Ke2 Kf7 39. b5 Bf8 40. a4
Bb4 41. Be3 Bf8 42. h4 Bb4 43. Rc6 Be7 44. a5 bxa5 45. Ra6 Rc7 46. Rxa7 Rxa7
47. Bxa7 Ke6 48. Kd3 a4 49. Kc4 a3 50. Kb3 Bd6 51. Bb6 Kd7 52. Ba5 Kc8 53. Bc3
Kb7 54. Ba5 Bc5 55. Bc3 Bd6 56. Kc4 Kb6 57. Ba1 Bb8 1/2-1/2